| 000 | 01245aam a2200313 i 4500 | ||
|---|---|---|---|
| 001 | 768714001 | ||
| 003 | CO-MdFUSB | ||
| 005 | 20260408154625.0 | ||
| 007 | ta | ||
| 008 | 231018t20032003mx a||ag |||| 00| 0 spa d | ||
| 020 | _a9685484031 | ||
| 040 |
_aCO-MdFUSB _bspa _cCO-MdFUSB _dCO-MdFUSBC _erda |
||
| 041 | _aspa | ||
| 082 |
_223 _a863 _bIs74 |
||
| 100 |
_aIsais, Elisabeth F. _eautor |
||
| 245 | 3 |
_aUn cofre de cuentos _c/ Elisabeth de Isáis |
|
| 264 | 1 |
_aCoyoacán, México : _bMilamex, _c[2003] |
|
| 264 | 4 | _c©2003 | |
| 300 |
_a152 páginas _c; 21 cm |
||
| 336 |
_2rdacontent _atexto _btxt |
||
| 337 |
_2rdamedia _asin mediación _bn |
||
| 338 |
_2rdacarrier _avolumen _bnc |
||
| 490 | _aPara el deleite de toda la familia | ||
| 505 | _aLas amigas inseparables -- Paco y la nube negra -- Emergencia en casa de Carlos -- En el aire -- Lalo y la velada -- Economía escolar -- Los tres vencedores -- El enfermo -- El ministerio -- La gran misión de Gerardo -- Los apellidos -- Una amiga para Lupita -- La gran duda -- La pequeña sierva -- Los tiempos finales -- La pelota desinflada -- La mañana siguiente -- La niña Rosema -- La disyuntiva. | ||
| 563 | _aRústico. | ||
| 653 | _aLiteratura | ||
| 942 | _cBK | ||
| 945 | _asor1564 | ||
| 999 |
_c69173 _d69173 |
||